[Event "26th North American Open"]
[Site "Las Vegas"]
[Date "2016.12.30"]
[Round "9"]
[White "Taghizadeh, Rayan"]
[Black "Panchanathan, Magesh"]
[Result "0-1"]
[WhiteElo "2310"]
[BlackElo "2513"]
[PlyCount "90"]
[EventDate "2016.12.??"]
[EventType "swiss"]
[EventRounds "9"]
[EventCountry "USA"]
[Source "MonRoi"]

1. e4 e5 2. Nf3 Nc6 3. Bb5 a6 4. Ba4 Nf6 5. O-O Be7 6. Re1 b5 7. Bb3 d6 8. c3
O-O 9. d4 Bg4 10. Be3 exd4 11. cxd4 d5 12. e5 Ne4 13. Nc3 Nxc3 14. bxc3 Qd7 15.
Bc2 f5 16. h3 Bh5 17. g4 Bg6 18. Nh2 f4 19. Bc1 Bxc2 20. Qxc2 a5 21. a4 b4 22.
Bd2 Nd8 23. Rac1 Ne6 24. Nf3 Rfb8 25. cxb4 axb4 26. Qc6 Qxc6 27. Rxc6 Kf7 28.
Ra1 Ra5 29. Rc2 Rba8 30. Rca2 b3 31. Rb2 Rxa4 32. Rxa4 Rxa4 33. Bc3 Ra3 34. Nd2
c5 35. Rxb3 cxd4 36. Bb2 Rxb3 37. Nxb3 d3 38. Bc1 f3 39. Kh2 Nc5 40. Nd4 Ne4
41. e6+ Ke8 42. Nxf3 Bb4 43. Bb2 g6 44. h4 d2 45. Nxd2 Bxd2 0-1

[Event "26th North American Open"]
[Site "Las Vegas"]
[Date "2016.12.30"]
[Round "9"]
[White "Tang, Andrew"]
[Black "Hong, Andrew"]
[Result "1/2-1/2"]
[WhiteElo "2466"]
[BlackElo "2346"]
[PlyCount "124"]
[EventDate "2016.12.??"]
[EventType "swiss"]
[EventRounds "9"]
[EventCountry "USA"]
[Source "MonRoi"]

1. d4 d5 2. c4 e6 3. Nc3 c6 4. e3 Nf6 5. Nf3 Nbd7 6. Qc2 Bd6 7. Be2 O-O 8. O-O
e5 9. cxd5 cxd5 10. Nb5 Bb8 11. dxe5 Nxe5 12. Nbd4 Ne4 13. b3 Qd6 14. Bb2 Bd7
15. Rac1 f5 16. Nxe5 Qxe5 17. f4 Qe7 18. Bd3 Bd6 19. Qe2 a6 20. Nf3 Rac8 21.
Ne5 Be6 22. Rfd1 Rfd8 23. Nf3 Bb4 24. Bxe4 dxe4 25. Nd4 Bd6 26. h3 Bd7 27. Rc4
Be6 28. Rxc8 Bxc8 29. Qc4+ Qf7 30. Qc3 Bf8 31. Qc1 Qe7 32. Nc2 Rxd1+ 33. Qxd1
Qd6 34. Qc1 Qc7 35. Qd2 Qd6 36. Bd4 Qd5 37. Kh2 Bd7 38. Qc3 Kf7 39. Qb2 Be6 40.
Na3 Qd6 41. Nb1 Bd7 42. Nc3 Bc6 43. Qc2 Qe6 44. Ne2 Qd7 45. Ng3 Qd5 46. Qc3 g6
47. a4 Qd6 48. Nf1 Qb4 49. Qc2 Bd5 50. Nd2 Kg8 51. g4 Kf7 52. Kg1 Be6 53. gxf5
Bxf5 54. Kh2 Qe7 55. Nc4 Qh4 56. Qg2 Bb4 57. Be5 b5 58. axb5 axb5 59. Nd6+ Bxd6
60. Bxd6 Ke6 61. Bb4 Kf7 62. Qf1 Bd7 1/2-1/2

[Event "26th North American Open"]
[Site "Las Vegas"]
[Date "2016.12.30"]
[Round "9"]
[White "Li, Zhaozhi"]
[Black "Shmelov, Denys"]
[Result "0-1"]
[WhiteElo "2313"]
[BlackElo "2416"]
[PlyCount "64"]
[EventDate "2016.12.??"]
[EventType "swiss"]
[EventRounds "9"]
[EventCountry "USA"]
[Source "MonRoi"]

1. d4 d5 2. c4 c6 3. Nf3 Nf6 4. Nc3 dxc4 5. a4 Bf5 6. e3 e6 7. Bxc4 Bb4 8. O-O
Nbd7 9. Nh4 Bg4 10. f3 Bh5 11. g4 Bg6 12. e4 Nb6 13. Nxg6 hxg6 14. Be2 Qc7 15.
Rf2 e5 16. Na2 Bd6 17. a5 Nbd7 18. Qc2 exd4 19. f4 d3 20. Qxd3 Nc5 21. Qc4
Ncxe4 22. Rf1 Bc5+ 23. Kg2 O-O-O 24. b4 Rd4 25. Qc2 Qd7 26. bxc5 Nxg4 27. Rf3
Rxh2+ 28. Kg1 Nd2 29. Bxd2 Rxd2 30. Rd3 Rxc2 31. Rxd7 Rcxe2 32. Rad1 Reg2+ 0-1

[Event "26th North American Open"]
[Site "Las Vegas"]
[Date "2016.12.30"]
[Round "9"]
[White "Kavutskiy, Konstantin"]
[Black "Matikozyan, Andranik"]
[Result "0-1"]
[WhiteElo "2377"]
[BlackElo "2404"]
[PlyCount "58"]
[EventDate "2016.12.??"]
[EventType "swiss"]
[EventRounds "9"]
[EventCountry "USA"]
[Source "MonRoi"]

1. d4 Nf6 2. c4 g6 3. Nc3 Bg7 4. e4 d6 5. Be2 O-O 6. Bg5 Na6 7. Qd2 e5 8. d5
Nc5 9. Nf3 a5 10. Qc2 h6 11. Bd2 Nh5 12. g3 Kh7 13. h3 c6 14. Nh4 Nf4 15. Bf1
cxd5 16. cxd5 Bd7 17. Be3 Rc8 18. a4 f5 19. exf5 gxf5 20. Nf3 e4 21. Bxf4 exf3
22. Bd3 Nxa4 23. Rxa4 Qe8+ 24. Be3 Bxa4 25. Bxf5+ Kh8 26. Qd3 Bd7 27. Bg6 Qe5
28. g4 a4 29. Nd1 Rc5 0-1

[Event "26th North American Open"]
[Site "Las Vegas"]
[Date "2016.12.30"]
[Round "9"]
[White "Kojima, Shinya"]
[Black "Yoo, Christopher"]
[Result "1-0"]
[WhiteElo "2403"]
[BlackElo "1833"]
[PlyCount "105"]
[EventDate "2016.12.??"]
[EventType "swiss"]
[EventRounds "9"]
[EventCountry "USA"]
[Source "MonRoi"]

1. Nf3 Nf6 2. c4 g6 3. d4 Bg7 4. g3 O-O 5. Bg2 c6 6. O-O d5 7. Qb3 Ne4 8. Nc3
Nxc3 9. bxc3 Qb6 10. Qa3 Re8 11. cxd5 cxd5 12. Bf4 Nc6 13. Rab1 Qd8 14. Rfd1 e6
15. Nd2 b6 16. e4 Bb7 17. exd5 exd5 18. Re1 Qd7 19. Qa4 Ne5 20. Qxd7 Nxd7 21.
Nc4 Bf8 22. Ne3 Nf6 23. c4 Rad8 24. Bg5 Rd6 25. Bxf6 Rxf6 26. Bxd5 Bxd5 27.
Nxd5 Rxe1+ 28. Rxe1 Rc6 29. Ne3 f5 30. f4 Bd6 31. Kf2 h5 32. a4 a6 33. Ke2 Kf7
34. Kd3 h4 35. Nd5 g5 36. Rb1 Kg6 37. a5 bxa5 38. c5 Bxc5 39. Rc1 Kh5 40. Rxc5
Re6 41. Ne3 Rf6 42. g4+ Kg6 43. gxf5+ Kh5 44. fxg5 Kxg5 45. Rxa5 h3 46. Ke4 Kh4
47. Re5 Rf8 48. Kf4 a5 49. Re6 Rh8 50. f6 a4 51. f7 Kh5 52. Nf5 a3 53. f8=Q 1-0

[Event "26th North American Open"]
[Site "Las Vegas"]
[Date "2016.12.30"]
[Round "9"]
[White "Daggupati, Balaji"]
[Black "Martinez-Martin, David"]
[Result "1-0"]
[WhiteElo "2061"]
[BlackElo "2411"]
[PlyCount "39"]
[EventDate "2016.12.??"]
[EventType "swiss"]
[EventRounds "9"]
[EventCountry "USA"]
[Source "MonRoi"]

1. e4 c5 2. Nf3 d6 3. d4 cxd4 4. Nxd4 Nf6 5. Nc3 g6 6. Be3 Bg7 7. f3 a6 8. Qd2
h5 9. O-O-O b5 10. Kb1 Bb7 11. Nb3 Nbd7 12. Bd4 Rc8 13. Nd5 e5 14. Nxf6+ Nxf6
15. Bc3 Bxe4 16. fxe4 Nxe4 17. Qd5 Nf2 18. Bxb5+ axb5 19. Rhf1 Qb6 20. Rd2 1-0

[Event "26th North American Open"]
[Site "Las Vegas"]
[Date "2016.12.30"]
[Round "9"]
[White "Aoshima, Mirai"]
[Black "Guo, Arthur"]
[Result "1-0"]
[WhiteElo "2281"]
[BlackElo "2153"]
[PlyCount "99"]
[EventDate "2016.12.??"]
[EventType "swiss"]
[EventRounds "9"]
[EventCountry "USA"]
[Source "MonRoi"]

1. e4 c5 2. Nf3 d6 3. d4 cxd4 4. Nxd4 Nf6 5. Nc3 a6 6. h3 e6 7. g4 h6 8. Bg2
Be7 9. Be3 Nc6 10. Qd3 Nxd4 11. Bxd4 O-O 12. O-O-O e5 13. Be3 Be6 14. Kb1 b5
15. Nd5 Nxd5 16. exd5 Bd7 17. f4 Bf6 18. Rhg1 Re8 19. Be4 exf4 20. Bxf4 Be5 21.
Bc1 Qh4 22. g5 Qxh3 23. Be3 f5 24. gxf6 Bxf6 25. Rdf1 Bg5 26. Bh7+ Kh8 27. Bxg5
hxg5 28. Rh1 Re3 29. Qd2 Rf3 30. Rc1 Kxh7 31. Rxh3+ Bxh3 32. Qxg5 Raf8 33. b3
R8f6 34. Kb2 R3f5 35. Qh4+ Rh6 36. Qe4 Kg8 37. Rg1 Rff6 38. Qe7 Rf7 39. Qd8+
Rf8 40. Qg5 Rh7 41. Qe7 Bf5 42. Qxd6 g6 43. Qe5 Rg7 44. d6 Rc8 45. Rg2 Rd8 46.
Re2 Rc8 47. Qd5+ Kf8 48. Rh2 Rf7 49. Qe5 Rg7 50. Rh8+ 1-0